00298nam a2200121Ia 4500008004100000100002300041245003200064260002500096300000900121650002400130942000700154999001500161190216s9999||||xx |||||||||||||| ||und|| aPhysical Chemistry 0aAdvanced Physical Chemistry bGoel Pub Housec2004 a1474 aChemistry-Chemistry cBK c3157d3157